Ser asesor fiscal no implica ser partícipe de un delito (Registro nro. 22159)
[ vista simple ]
| 000 -LEADER | |
|---|---|
| fixed length control field | 00355 a2200109 4500 |
| 001 - CONTROL NUMBER | |
| control field | ART_17310 |
| 005 - DATE AND TIME OF LATEST TRANSACTION | |
| control field | 20260410161819.0 |
| 008 - FIXED-LENGTH DATA ELEMENTS--GENERAL INFORMATION | |
| fixed length control field | 260409a |
| 100 1# - MAIN ENTRY--PERSONAL NAME | |
| Personal name | Robiglio, Carolina L. |
| 245 10 - TITLE STATEMENT | |
| Title | Ser asesor fiscal no implica ser partícipe de un delito |
| 773 0# - HOST ITEM ENTRY | |
| Title | Doctrina Penal Tributaria y Económica |
| Related parts | - Nº 2 (jul. 2007) |
| Record control number | REV4317 |
No hay ítems disponibles.